| 000 | 01054cam a22003135a 4500 | ||
|---|---|---|---|
| 001 | 13997971 | ||
| 005 | 20201128024233.0 | ||
| 008 | 050609t2005 enka frb 001 0 eng d | ||
| 020 | _a0273687344 | ||
| 020 | _a9780273687344 | ||
| 040 |
_aDLC _cDLC _dDLC _dEG-ScBUE _beng |
||
| 082 | 0 | 4 |
_a658.4012 _222 _bJOH |
| 100 | 1 |
_aJohnson, Gerry. _92233 |
|
| 245 | 1 | 0 |
_aExploring corporate strategy / _cGerry Johnson, Kevan Scholes, Richard Whittington. |
| 250 | _a7th ed. | ||
| 260 |
_aHarlow ; _aNew York : _bFT / Prentice Hall, _cc.2005. |
||
| 300 |
_axxxv, 635 p. : _bill. ; _c27 cm. |
||
| 504 | _aIncludes bibliographical references and indexes. | ||
| 541 | _aDonation from David Kirby. | ||
| 650 | 7 |
_aBusiness planning. _2BUEsh _93321 |
|
| 650 | 7 |
_aStrategic planning. _2BUEsh _91643 |
|
| 650 | 7 |
_aBusiness planning _vCase studies. _2BUEsh |
|
| 650 | 7 |
_aStrategic planning _vCase studies. _2BUEsh |
|
| 651 | _2BUEsh | ||
| 653 |
_bGGEN _bBUSADM _cJanuary2018 |
||
| 700 | 1 |
_aScholes, Kevan. _92234 |
|
| 700 | 1 |
_aWhittington, Richard, _d1958- |
|
| 942 | _2ddc | ||
| 999 |
_c26060 _d26032 |
||